Statystyki dla Flagi Województw

Kliknij tutaj aby rozwiązać quiz!

Ogólne statystyki

  • Ten quiz został rozwiązany 52 razy
  • Średni wynik to 11 z 16

Statystyki odpowiedzi

Odpowiedź% Poprawnych
dolnośląskie
83%
mazowieckie
83%
świętokrzyskie
81%
lubelskie
79%
lubuskie
71%
pomorskie
71%
podlaskie
67%
wielkopolskie
67%
kujawsko-pomorskie
62%
podkarpackie
62%
śląskie
62%
łódzkie
60%
opolskie
60%
zachodniopomorskie
60%
warmińsko-mazurskie
57%
małopolskie
55%

Rozkład punktacji

Percentyl według liczby udzielonych odpowiedzi

Procent ludzi z każdym wynikiem

Twoja historia wyników

Nie rozwiązałeś tego quizu